Manuale di storia Orientale, Greca e Romana : A. C. 476 d. C. per le scuole secondarie. Parte II : storia Romana

Saved in:
Bibliographic Details
Main Author: Bonardi, Antonio
Format: Book
Language:Italian
Published: Torino Stamp. Reale della ditta G. B. Paravia e C. Edit. 1905
Textbook Catalogue:EDISCO:  Library Catalog Search Result
Textbook Classification:
Series:Collezione Paravia e geografia
Tags: Add Tag
No Tags, Be the first to tag this record!
Added to:2016-04-30
Changed in:2017-10-04

MARC

LEADER 00000aam a22000007 4500
001 11377
003 OSt
005 20171004085208.0
008 160501s1905 it 000 0 ita
040 |c Elena Facco - Padova - CUBI 
041 1 |a ita 
100 1 |a Bonardi, Antonio 
245 0 0 |a Manuale di storia Orientale, Greca e Romana : A. C. 476 d. C. per le scuole secondarie. Parte II : storia Romana 
260 |a Torino  |b Stamp. Reale della ditta G. B. Paravia e C. Edit.  |c 1905 
300 |a ill., 1/x ;   |c in 8° 
490 1 |a Collezione Paravia   |a e geografia 
510 3 |a L. 2 
901 |a 7 
942 |2 ddc  |c BK 
546 |a ita 
999 |c 11366  |d 11366 
999 |c edisco:11366  |d 11366